000
00457nam a2200145Ia 4500
008
100122s9999 xx 000 0 und d
082
_b
2219
_a
808.859
100
_a
निरंतर ग भा
245
_a
स्वरलय शिष्टाई
260
_b
प्रकाशक शोधणे
_c
1924
300
_a
55
630
_a
स्वरलय शिष्टाई
730
_a
स्वरलय शिष्टाई
942
_c
BOOK
999
_c
396637
_d
396634